| Tag |
First Indicator |
Second Indicator |
Subfields |
| LEADER |
00000cam a2200000Mi 4500 |
| 001 |
in00005498713 |
| 006 |
m o d |
| 007 |
cr un||||||||| |
| 008 |
230428s2023 enk fo 000 0 eng d |
| 005 |
20240923171919.1 |
| 035 |
|
|
|a (OCoLC)on1378537884
|
| 040 |
|
|
|a SGPBL
|b eng
|e rda
|e pn
|c SGPBL
|d OCLCF
|d OCLCO
|
| 020 |
|
|
|a 9781071924730
|q SAGE Business Cases
|
| 020 |
|
|
|a 1071924737
|
| 035 |
|
|
|a (OCoLC)1378537884
|
| 050 |
|
4 |
|a HF5415.32
|b .L39 2023
|
| 082 |
0 |
4 |
|a 658.8342
|
| 049 |
|
|
|a TXAM
|
| 100 |
1 |
|
|a Lawrence, Kelsey,
|e author.
|
| 245 |
1 |
4 |
|a The luxury watch boom /
|c Kelsey Lawrence.
|
| 264 |
|
1 |
|a London :
|b SAGE Publications: SAGE Business Cases Originals,
|c 2023.
|
| 300 |
|
|
|a 1 online resource.
|
| 336 |
|
|
|a text
|b txt
|2 rdacontent
|
| 337 |
|
|
|a computer
|b c
|2 rdamedia
|
| 338 |
|
|
|a online resource
|b cr
|2 rdacarrier
|
| 490 |
1 |
|
|a SAGE business cases
|
| 520 |
8 |
|
|a This short case examines and asks students to discuss the recent upsurge in the luxury watch market, where demand has been steadily growing despite inflation and a slow post-pandemic economic recovery. With major watch brands now entering the resale market as well, consumer behavior around acquiring these luxury accessories may be about to change.
|
| 588 |
|
|
|a Description based on XML content.
|
| 650 |
|
0 |
|a Consumer behavior
|v Case studies.
|
| 650 |
|
0 |
|a Marketing
|v Case studies.
|
| 650 |
|
0 |
|a Wrist watches
|x Marketing
|v Case studies.
|
| 650 |
|
6 |
|a Consommateurs
|x Comportement
|v Études de cas.
|
| 650 |
|
6 |
|a Marketing
|v Études de cas.
|
| 650 |
|
7 |
|a Consumer behavior
|2 fast
|
| 650 |
|
7 |
|a Marketing
|2 fast
|
| 650 |
|
7 |
|a Wrist watches
|x Marketing
|2 fast
|
| 655 |
|
7 |
|a Electronic books.
|2 local
|
| 655 |
|
7 |
|a Case studies
|2 fast
|
| 830 |
|
0 |
|a SAGE business cases.
|
| 856 |
4 |
0 |
|u http://proxy.library.tamu.edu/login?url=https://sk.sagepub.com/cases/the-luxury-watch-boom
|z Connect to the full text of this electronic book
|t 0
|
| 955 |
|
|
|a SAGE eBooks
|
| 955 |
|
|
|a SAGE Business Cases 2023 Annual Collection
|
| 994 |
|
|
|a 92
|b TXA
|
| 999 |
f |
f |
|s 6bedcece-67c9-421b-b313-3429c0bf6bff
|i 3302beb4-6714-4026-8c00-76b8128a43d3
|t 0
|
| 952 |
f |
f |
|a Texas A&M University
|b College Station
|c Electronic Resources
|d Available Online
|t 0
|e HF5415.32 .L39 2023
|h Library of Congress classification
|
| 998 |
f |
f |
|a HF5415.32 .L39 2023
|t 0
|l Available Online
|